A környezettudatosság előremozdításának lehetőségei egy építőipari vállalat szemszögéből

Bibliográfiai részletek
Szerző: Markos Dorottya
További közreműködők: Miskolczi Tibor András
Dokumentumtípus: Diplomadolgozat
Kulcsszavak:Környezetvédelem
ISO 14001
Újrahasznosítás
Strabag SE
Esettanulmány
Építőipar
Online Access:http://dolgozattar.uni-bge.hu/19634

MARC

LEADER 00000nta a2200000 i 4500
001 dolg19634
005 20200403044320.0
008 181214suuuu hu om 000 hun d
040 |a BGE Dolgozattár Repozitórium  |b hun 
041 |a hu 
100 1 |a Markos Dorottya 
245 1 2 |a A környezettudatosság előremozdításának lehetőségei egy építőipari vállalat szemszögéből  |c Markos Dorottya  |h [elektronikus dokumentum] 
695 |a Környezetvédelem 
695 |a ISO 14001 
695 |a Újrahasznosítás 
695 |a Strabag SE 
695 |a Esettanulmány 
695 |a Építőipar 
700 1 |a Miskolczi Tibor András  |e ths 
856 4 0 |u http://dolgozattar.uni-bge.hu/19634/1/Szakdolgozat%20Markos%20D.pdf  |z Dokumentum-elérés